Online katalóg knižníc regiónu Turca

Srdcová dáma (Record no. 21498)

MARC details
000 -LEADER
fixed length control field 01646cam a2200469 4500
001 - CONTROL NUMBER
control field 21498
003 - CONTROL NUMBER IDENTIFIER
control field VRT
005 - DATE AND TIME OF LATEST TRANSACTION
control field 20260302144315.0
008 - FIXED-LENGTH DATA ELEMENTS--GENERAL INFORMATION
fixed length control field 210209s2019 xo gr 000 f slo
015 ## - NATIONAL BIBLIOGRAPHY NUMBER
National bibliography number SNBA2020/06
020 ## - INTERNATIONAL STANDARD BOOK NUMBER
International Standard Book Number 9788056904282
Qualifying information (viazané)
035 ## - SYSTEM CONTROL NUMBER
System control number urn:nbn:sk:snk-am00edqq
035 ## - SYSTEM CONTROL NUMBER
System control number urn:nbn:sk:snk-am3ih1j
035 ## - SYSTEM CONTROL NUMBER
System control number 75CB0424-B61E-44B8-8A4B-CD7841E2BBAB
039 #9 - LEVEL OF BIBLIOGRAPHIC CONTROL AND CODING DETAIL [OBSOLETE]
Level of rules in bibliographic description 202302151025
Level of effort used to assign nonsubject heading access points AUTHORITY
Level of effort used to assign subject headings 202106070732
Level of effort used to assign classification AUTHORITY
Level of effort used to assign subject headings 202106070725
Level of effort used to assign classification AUTHORITY
Level of effort used to assign subject headings 202102090837
Level of effort used to assign classification VLOAD
040 ## - CATALOGING SOURCE
Original cataloging agency SVKBB
Language of cataloging slo
Transcribing agency SVKBB
Modifying agency SNK
Description conventions rda
041 ## - LANGUAGE CODE
Language code of text/sound track or separate title slo
044 ## - COUNTRY OF PUBLISHING/PRODUCING ENTITY CODE
MARC country code xo
ISO country code SK
072 #7 - SUBJECT CATEGORY CODE
Subject category code 821.162.4-3
Subject category code subdivision Slovenská próza
Source konspekt
080 ## - UNIVERSAL DECIMAL CLASSIFICATION NUMBER
Universal Decimal Classification number 821.162.4-31
Edition identifier 2011
080 ## - UNIVERSAL DECIMAL CLASSIFICATION NUMBER
Universal Decimal Classification number (0:82-312.5)
Edition identifier 2011
100 1# - MAIN ENTRY--PERSONAL NAME
Personal name Jamborová, Vita,
Dates associated with a name 1976-
Relationship aut
245 1# - TITLE STATEMENT
Title Srdcová dáma
Statement of responsibility, etc. Vita Jamborová
250 ## - EDITION STATEMENT
Edition statement Druhé vydanie
260 ## - PUBLICATION, DISTRIBUTION, ETC.
Place of publication, distribution, etc. Bratislava
Name of publisher, distributor, etc. Marenčin PT
Date of publication, distribution, etc. 2019
300 ## - PHYSICAL DESCRIPTION
Extent 158 strán
Dimensions 21 cm
336 ## - CONTENT TYPE
Content type term text
Content type code txt
Source rdacontent
337 ## - MEDIA TYPE
Media type term bez média
Media type code n
Source rdamedia
338 ## - CARRIER TYPE
Carrier type term zväzok
Carrier type code nc
Source rdacarrier
500 ## - GENERAL NOTE
General note Obsahuje biografické údaje o autorke na záložke prebalu publikácie
655 #7 - INDEX TERM--GENRE/FORM
Genre/form data or focus term slovenské romány
Source of term SNKPH
655 #7 - INDEX TERM--GENRE/FORM
Genre/form data or focus term Slovak fiction
Source of term SNKPHeng
655 #7 - INDEX TERM--GENRE/FORM
Genre/form data or focus term Love novels
Source of term SNKPHeng
655 #7 - INDEX TERM--GENRE/FORM
Genre/form data or focus term ľúbostné romány
Source of term SNKPH
910 ## - USER-OPTION DATA (OCLC)
User-option data snk
942 ## - ADDED ENTRY ELEMENTS (KOHA)
Source of classification or shelving scheme Dewey Decimal Classification
Koha item type Krásna literatúra pre dospelých
Suppress in OPAC No
949 ## - LOCAL PROCESSING INFORMATION (OCLC)
6 17A1417998
a snkSC 188389
b snk2020/6888
o 460/2020
s 6100:20200608
949 ## - LOCAL PROCESSING INFORMATION (OCLC)
6 17A1417999
a snkSC 188389 D1
b snk2020/6889
o 460/2020
949 ## - LOCAL PROCESSING INFORMATION (OCLC)
6 273K0652561
a svkpoA 244436
b svkpo643123
949 ## - LOCAL PROCESSING INFORMATION (OCLC)
6 2889355288
a savukPV 29749
b savuk2020/694
949 ## - LOCAL PROCESSING INFORMATION (OCLC)
6 270001000641638
a svkbbA 160185
b svkbbm 789182
Holdings
Stav vyradenia Strata Poškodenie Spôsob nadobudnutia Domovská knižnica Aktuálna knižnica Dátum nadobudnutia Total checkouts Čiarový kód exemplára Date last seen Typ exemplára
      Dar Obecná knižnica Turčianska Štiavnička Obecná knižnica Turčianska Štiavnička 02.03.2026   4738000212 02.03.2026 Krásna literatúra pre dospelých
Projekt je podporený Slovenskou asociáciou knižníc
Prevádzkuje Turčianska knižnica Martin 2026